M©♭moires de biosp©♭ologie (Record no. 15946)
[ view plain ]
| 000 -LEADER | |
|---|---|
| fixed length control field | 00420cas a2200157 a 4500 |
| 022 ## - INTERNATIONAL STANDARD SERIAL NUMBER | |
| ISSN | 0184-0266 |
| 040 ## - CATALOGING SOURCE | |
| Transcribing agency | LUU |
| 082 00 - DEWEY DECIMAL CLASSIFICATION NUMBER | |
| Classification number | 551 C.J U 2001 A081 Or. |
| 245 00 - TITLE STATEMENT | |
| Title | M©♭moires de biosp©♭ologie |
| 260 ## - PUBLICATION, DISTRIBUTION, ETC. (IMPRINT) | |
| Place of publication | Moulis, Saint Girons : |
| Name of publisher | C. Juberthie, |
| Year of publication | -2001 |
| 300 ## - PHYSICAL DESCRIPTION | |
| Number of Pages | v. : |
| Other physical details | ill. ; |
| Dimensions | 30 cm |
| 500 ## - GENERAL NOTE | |
| General note | Description based on: T. 10, published in 1983 |
| 650 #0 - SUBJECT ADDED ENTRY--TOPICAL TERM | |
| Topical Term | Caves |
| 650 #0 - SUBJECT ADDED ENTRY--TOPICAL TERM | |
| Topical Term | Cave ecology |
| 942 ## - ADDED ENTRY ELEMENTS (KOHA) | |
| Koha item type | សៀវភៅភាសាអង់គ្លេស |
| 952 ## - LOCATION AND ITEM INFORMATION (KOHA) | |
| Withdrawn status [LOCAL, KOHA] | 0 |
| Permanent Location | Date acquired | Koha item type | Lost status | Shelving location | Barcode | Current Location | Full call number |
|---|---|---|---|---|---|---|---|
| Library Block A | 2017-12-19 | សៀវភៅភាសាអង់គ្លេស | A081 | A12147 | Library Block A | 551 C.J U 2001 A081 Or. |